Normal view
MARC view
Entry Topical Term
001 - CONTROL NUMBER
- control field: 37939
003 - CONTROL NUMBER IDENTIFIER
- control field:
005 - DATE AND TIME OF LATEST TRANSACTION
- control field: 20240405092936.0
008 - FIXED-LENGTH DATA ELEMENTS
- fixed length control field: 240405|| aca||aabn | a|a d
040 ## - CATALOGING SOURCE
- Original cataloging agency:
- Transcribing agency:
150 ## - HEADING--TOPICAL TERM
- Topical term or geographic name entry element: Automobile
- Form subdivision: Cost of operation
- General subdivision: Handbooks, manuals
670 ## - SOURCE DATA FOUND
- Source citation: Work cat.: ()12059: CHUKWUEMEKE, G. I. aut 24233, Key services recorder for motorists /, 1998
